[Event "FIDE Chesscom Grand Swiss 2019"]
[Site "Douglas-Isle of Man"]
[Date "2019.10.15"]
[Round "7.26"]
[White "Christiansen, Johan-Sebastian"]
[Black "Huschenbeth, Niclas"]
[Result "1/2-1/2"]
[WhiteElo "2558"]
[BlackElo "2624"]
[Annotator "RC"]
[PlyCount "146"]
[EventDate "2019.10.10"]
[EventType "swiss"]
[EventCountry "GBR"]
[SourceTitle "playchess.com"]
[Source "ChessBase"]
[SourceQuality "1"]
[TimeControl "40/6000+30:20/3000+30:900+30"]

1. d4 {[%emt 0:00:00]} Nf6 {[%emt 0:00:00]} 2. c4 {[%emt 0:00:20]} e6 {[%emt 0:00:00]} 3. Nc3 {[%emt 0:00:14]} Bb4 {[%emt 0:00:00]} 4. Qc2 {[%emt 0:00:34]} d5 {[%emt 0:02:03]} 5. cxd5 {[%emt 0:01:16]} exd5 {[%emt 0:00:30]} 6. Bg5 {[%emt 0:00:12]} h6 {[%emt 0:01:22]} 7. Bh4 {[%emt 0:00:05]} g5 {[%emt 0:01:08]} 8. Bg3 {[%emt 0:00:06]} Nc6 {[%emt 0:00:03]} 9. e3 {[%emt 0:01:40]} Ne4 {[%emt 0:00:06]} 10. Bd3 {[%emt 0:11:19]} Nxg3 {[%emt 0:00:37]} 11. hxg3 {[%emt 0:00:08]} Qf6 {[%emt 0:22:15]} 12. a3 {[%emt 0:12:49]} Bxc3+ {[%emt 0:00:11]} 13. Qxc3 {[%emt 0:00:05]} Bd7 {[%emt 0:07:31]} 14. Rc1 {[%emt 0:03:36]} Ne7 {[%emt 0:11:51]} 15. Nf3 {[%emt 0:05:16]} c6 {[%emt 0:05:53]} 16. Ne5 {[%emt 0:05:39]} Qd6 {[%emt 0:04:43]} 17. Be2 {[%emt 0:17:39]} Bf5 {[%emt 0:08:41]} 18. Qb3 {[%emt 0:18:08]} Rb8 {[%emt 0:04:19]} 19. Bd3 {[%emt 0:01:26]} Be6 {[%emt 0:08:49]} 20. Be2 {[%emt 0:04:46]} Kf8 {[%emt 0:03:41]} 21. Qd1 {[%emt 0:02:18]} f6 {[%emt 0:04:12]} 22. Nd3 {[%emt 0:00:16]} Kg7 {[%emt 0:03:02]} 23. Bg4 {[%emt 0:00:30]} Bf7 {[%emt 0:00:41]} 24. Bh5 {[%emt 0:01:58]} Bg8 {[%emt 0:01:01]} 25. Bg4 {[%emt 0:09:07]} Bh7 {[%emt 0:08:12]} 26. Nc5 {[%emt 0:00:12]} Bg6 {[%emt 0:02:14]} 27. Bh5 {[%emt 0:02:22]} Bh7 {[%emt 0:00:05]} 28. Bg4 {[%emt 0:02:02]} Bg6 {[%emt 0:01:58]} 29. Bh5 {[%emt 0:02:36]} b6 {[%emt 0:00:47]} 30. Na6 {[%emt 0:00:39]} Rbc8 {[%emt 0:00:13]} 31. Bxg6 {[%emt 0:00:13]} Kxg6 {[%emt 0:00:26]} 32. Nb4 {[%emt 0:01:09]} h5 {[%emt 0:00:47]} 33. Qd3+ {[%emt 0:01:36]} Kg7 {[%emt 0:01:59]} 34. Qe2 {[%emt 0:02:09]} c5 {[%emt 0:00:54]} 35. dxc5 {[%emt 0:00:51]} bxc5 {[%emt 0:00:04]} 36. Qa6 {[%emt 0:03:24]} Qd7 {[%emt 0:03:14]} 37. Nd3 {[%emt 0:00:15]} c4 {[%emt 0:00:29]} 38. Nb4 {[%emt 0:00:08]} Rc5 {[%emt 0:01:38]} 39. Na2 {[%emt 0:01:55]} Ng6 {[%emt 0:02:28]} 40. O-O {[%emt 0:00:31]} h4 {[%emt 0:01:09]} 41. g4 {[%emt 0:23:53]} h3 {[%emt 0:06:39]} 42. f3 {[%emt 0:00:39]} hxg2 {[%emt 0:06:21]} 43. Kxg2 {[%emt 0:02:02]} Nh4+ {[%emt 0:01:36]} 44. Kf2 {[%emt 0:00:37]} Rb8 {[%emt 0:00:18]} 45. b4 {[%emt 0:01:02]} Rc6 {[%emt 0:05:14]} 46. Qa5 {[%emt 0:00:58]} Qd6 {[%emt 0:15:35]} 47. Qxa7+ {[%emt 0:01:53]} Rc7 {[%emt 0:02:55]} 48. Qxb8 {[%emt 0:01:23]} Qh2+ {[%emt 0:00:03]} 49. Ke1 {[%emt 0:00:05]} Ng2+ {[%emt 0:00:02]} 50. Kd1 {[%emt 0:01:14]} Nxe3+ {[%emt 0:00:04]} 51. Ke1 {[%emt 0:00:07]} Ng2+ {[%emt 0:00:34]} 52. Kd1 {[%emt 0:00:24]} Ne3+ {[%emt 0:00:13]} 53. Ke1 {[%emt 0:00:01]} d4 {[%emt 0:04:53]} 54. Qe8 {[%emt 0:04:30]} Ng2+ {[%emt 0:00:28]} 55. Kd1 {[%emt 0:03:42]} Ne3+ {[%emt 0:00:33]} 56. Ke1 {[%emt 0:00:02]} Nxf1 {[%emt 0:04:19]} 57. Kxf1 {[%emt 0:02:06]} Qh1+ {[%emt 0:00:59]} 58. Kf2 {[%emt 0:00:25]} Qh2+ {[%emt 0:00:03]} 59. Kf1 {[%emt 0:00:05]} Qxa2 {[%emt 0:00:06]} 60. Re1 {[%emt 0:00:26]} c3 {[%emt 0:07:57]} 61. Re7+ {[%emt 0:15:33]} Rxe7 {[%emt 0:15:03]} 62. Qxe7+ {[%emt 0:00:06]} Qf7 {[%emt 0:00:11]} 63. Qxf7+ {[%emt 0:01:23]} Kxf7 {[%emt 0:00:03]} 64. Ke2 {[%emt 0:00:23]} Ke6 {[%emt 0:02:18]} 65. Kd3 {[%emt 0:01:50]} Kd5 {[%emt 0:00:56]} 66. a4 {[%emt 0:00:34]} Kc6 {[%emt 0:00:24]} 67. Kc2 {[%emt 0:00:32]} Kb6 {[%emt 0:00:18]} 68. Kd3 {[%emt 0:00:08]} Kb7 {[%emt 0:00:05]} 69. Kc2 {[%emt 0:00:25]} Kc6 {[%emt 0:00:04]} 70. Kd3 {[%emt 0:00:28]} Kd5 {[%emt 0:00:17]} 71. a5 {[%emt 0:00:41]} Kc6 {[%emt 0:00:05]} 72. a6 {[%emt 0:00:15]} Kb6 {[%emt 0:00:04]} 73. b5 {[%emt 0:00:05]} Ka7 {[%emt 0:00:08]} 1/2-1/2

[Event "FIDE Chesscom Grand Swiss 2019"]
[Site "Douglas-Isle of Man"]
[Date "2019.10.17"]
[Round "7.27"]
[White "Najer, Evgeniy"]
[Black "Leko, Peter"]
[Result "1/2-1/2"]
[WhiteElo "2635"]
[BlackElo "2670"]
[Annotator "TA"]
[PlyCount "159"]
[EventDate "2019.10.10"]
[EventType "swiss"]
[EventCountry "GBR"]
[SourceTitle "playchess.com"]
[Source "ChessBase"]
[SourceQuality "1"]

{[%evp 10,159,0,12,4,2,5,-7,0,-6,0,0,0,0,-1,-19,-15,-40,0,-43,-46,-33,-35,-55,-33,-57,-44,-45,-13,-20,0,0,-7,0,0,0,0,0,0,0,0,0,0,0,0,0,0,0,0,0,0,0,0,0,0,0,0,-89,-89,-89,-89,-89,-80,-89,-90,-100,-100,-100,-108,-108,-108,-270,-266,-238,-230,-308,-269,-278,-277,-272,-271,-270,-266,-559,-545,-702,-638,-447,-475,-771,-691,-620,-454,-771,-757,-727,-645,-526,-434,-335,-232,-366,0,-328,-8,-25,-8,-26,0,-83,-84,-222,-229,-238,-228,-229,-239,-245,-84,-43,-43,-49,-43,-50,-50,-58,-58,-58,-14,-14,-14,-14,-14,-18,-14,-14,-14,-14,-8,-8,0,-8,0,-8,0,-8,0,0,0,0,0,-74]} 1. d4 Nf6 2. c4 e6 3. Nc3 Bb4 4. f3 d5 5. a3 Be7 6. e4 dxe4 {E20: Nimzo-Indian: 4 g3 and 4 f3} 7. fxe4 c5 8. e5 $146 ({Predecessor:} 8. d5 O-O 9. Bd3 Bd6 10. Bg5 Nbd7 11. Nf3 exd5 12. Nxd5 h6 13. Bh4 Qa5+ 14. Qd2 Qxd2+ 15. Kxd2 Ng4 16. Be7 Bxe7 17. Nxe7+ Kh8 18. Rhe1 Nge5 19. Rad1 {½-½ (19) So,W (2763)-Karjakin,S (2748) Riga 2019}) 8... Nfd7 9. dxc5 Nxe5 10. Qxd8+ Bxd8 11. Be2 Nbd7 12. Be3 Bh4+ 13. Kd2 Be7 14. Ne4 Nf6 15. Nxf6+ Bxf6 16. Nf3 Bd7 17. Kc2 Ng4 18. Bd4 e5 (18... O-O-O {feels hotter.} 19. Bxf6 gxf6 20. Kc3 Rhg8 21. Rhg1 Kc7) 19. h3 $1 exd4 20. hxg4 Bxg4 {[#]} 21. Nxd4 $1 {[%mdl 512]} Bxe2 (21... Bxd4 22. Bxg4) 22. Nxe2 O-O-O 23. Rae1 h5 24. Ng3 Rd4 25. Nxh5 Rxc4+ 26. Kb3 Rh4 27. Rxh4 Bxh4 $11 {[%mdl 4096] Endgame KRB-KRN} 28. Re5 g6 29. g3 $1 Bd8 30. Nf4 Rh2 31. Re3 Bf6 32. Nd3 $1 Kd7 33. Ne5+ (33. Rf3 $11 Ke7 34. Re3+ Kf8 35. Ne5) 33... Bxe5 $1 $17 34. Rxe5 {KR-KR} Rg2 35. Rg5 a5 $1 36. Kc3 a4 $1 37. b3 axb3 38. Kxb3 Kc6 39. a4 Re2 40. Kb4 $2 (40. Rg4 $17 {was the only defense.}) 40... Re4+ $19 41. Kb3 Rd4 $1 42. Ka3 Rd5 $1 {[%cal Rd5g5]} 43. Rg4 Kxc5 44. Re4 Rd3+ 45. Kb2 b6 ({Not} 45... Rxg3 46. Re7 $17) 46. Re7 $2 (46. Re5+ Kd6 47. Rb5) 46... f5 47. Re5+ Kd6 48. Rb5 Kc6 49. g4 (49. Re5 $142 Rxg3 50. Re6+ Kc5 51. Rf6) 49... f4 50. Kc2 Rd6 51. Rb4 (51. Rb3 $142 Kc5 52. Kc3) 51... g5 52. Rb5 Rd5 53. Rb4 Kb7 54. Re4 Ka6 55. Re8 (55. Kc3 $142) 55... Kb7 $2 (55... Rd4 $19 {Threatens to win with ...f3.} 56. Kc3 Rxa4 57. Ra8+ Kb5) 56. Re6 $2 {[%mdl 8192]} (56. Re4 $1 $11) 56... Rc5+ $2 (56... Rd4 $19 57. Rf6 Rxa4 58. Rf7+ Kc6) 57. Kd3 $11 Ka6 58. Re8 Rd5+ 59. Kc4 {[#]} (59. Kc2 $11 {keeps the balance.}) 59... Rd1 $1 $17 60. Re5 {[#]} (60. Rg8 $17 {was necessary.}) 60... f3 $1 $19 {[%cal Rf3f2]} 61. Rf5 Rg1 62. Rxf3 Rxg4+ 63. Kb3 Rf4 $2 (63... Rg1 $19 {and Black stays clearly on top. aiming for ...g4.} 64. Rf8 g4) 64. Re3 Rf6 {...g4 is the strong threat.} 65. Rg3 Rg6 66. Rg4 Kb7 67. Kc4 Kc6 68. Kd3 Rd6+ 69. Kc4 {The position is equal.} Rd5 70. Re4 Rc5+ 71. Kd3 Ra5 72. Re6+ Kb7 73. Rg6 Rc5 74. Rg8 Ka6 75. Ra8+ Kb7 76. Rg8 Ra5 77. Kc3 Rf5 78. Kb4 Ka7 79. Kc4 Ka6 (79... Rc5+ $11 80. Kb4 Kb7) 80. Ra8+ {Accuracy: White = 60%, Black = 61%.} 1/2-1/2

[Event "FIDE Chesscom Grand Swiss 2019"]
[Site "Douglas-Isle of Man"]
[Date "2019.10.15"]
[Round "7.27"]
[White "Vovk, Andriy"]
[Black "Lei, Tingjie"]
[Result "1/2-1/2"]
[WhiteElo "2618"]
[BlackElo "2469"]
[Annotator "TA"]
[PlyCount "62"]
[EventDate "2019.10.10"]
[EventType "swiss"]
[EventCountry "GBR"]
[SourceTitle "playchess.com"]
[Source "ChessBase"]
[SourceQuality "1"]

{[%evp 10,62,6,11,14,13,33,-2,4,0,2,-8,-24,-22,-9,-72,-80,-75,-62,-63,-69,-71,-79,-60,-68,-78,-78,-72,-57,-128,-74,-78,-81,-81,-89,-134,0,0,0,0,0,0,0,-75,0,0,0,0,0,0,0,0,0,0,0]} 1. e4 e5 2. Nf3 Nc6 3. Bc4 Bc5 4. O-O Nf6 5. d3 d6 6. c3 a5 {C54: Giuoco Piano: 4 c3 Nf6, main lines with 5 d4 and 5 d3} (6... a6 7. a4 Ba7 8. Re1 O-O 9. h3 Kh8 10. b4 Ng8 11. Nbd2 f5 12. b5 Nce7 13. bxa6 bxa6 14. Ba2 Nf6 15. exf5 Nxf5 {½-½ (30) Karjakin,S (2760)-Vitiugov,N (2732) Khanty-Mansiysk 2019}) 7. Bb3 h6 8. Nbd2 O-O 9. a4 Ne7 10. d4 $146 ({Predecessor:} 10. Re1 Ng6 11. Nf1 Be6 12. Bc2 Qd7 13. h3 Nh5 14. Nxe5 dxe5 15. Qxh5 Bd6 16. d4 {1-0 (57) Duran Suarez,L-Velez Zequeira,A (1623) Barranquilla 2018}) 10... exd4 11. cxd4 Ba7 12. Bc2 (12. e5 $11 {keeps the balance.} dxe5 13. dxe5) 12... Nc6 $17 13. h3 Nxd4 14. Nxd4 Bxd4 15. Ra3 d5 16. Nf3 {[%cal Bd2f3,Bf3e5,Be5g4,Bg4h6,Bh6f5,Bf5e3][%mdl 32]} Bc5 17. Rd3 {Threatens to win with e5.} c6 18. exd5 Nxd5 19. Bb1 ({Better is} 19. Ne5 $15) 19... b6 (19... Qd6 $142 20. Qc2 Nb4 21. Rxd6 Nxc2) 20. Ne5 Qf6 21. Ng4 Qh4 22. Qf3 Ba6 {[#]} (22... Re8 $17 {aiming for ...Ba6.} 23. Rdd1 Ra7) 23. Rxd5 $1 $11 {[%mdl 512]} cxd5 {[#]} 24. Nxh6+ $1 $40 {[%mdl 640] White mounts an attack.} Kh8 $1 ({Reject} 24... gxh6 $6 25. Qf5 $1 $16 {[%mdl 512]}) 25. Nf5 $1 {[%cal Rf5h4]} Qh7 {[#]} 26. Rd1 (26. Nxg7 $1 $11 {[%mdl 512] remains equal.} Be2 (26... Qxg7 27. Qh5+) 27. Qxe2 Qxb1 {[#]} 28. b4 $1 {[%mdl 512]} (28. Qe5 Qe4 $17)) 26... g6 (26... Rae8 $17 {Strongly threatening ...Be2.} 27. Be3 g6) 27. Ne3 {The position is equal.} d4 28. Qf6+ Qg7 29. Qh4+ Qh7 30. Qf6+ $1 Qg7 31. Qh4+ Qh7 {Accuracy: White = 58%, Black = 75%.} 1/2-1/2

[Event "FIDE Chesscom Grand Swiss 2019"]
[Site "Douglas-Isle of Man"]
[Date "2019.10.17"]
[Round "7.28"]
[White "Robson, Ray"]
[Black "Kuzubov, Yuriy"]
[Result "1-0"]
[WhiteElo "2670"]
[BlackElo "2636"]
[Annotator "TA"]
[PlyCount "47"]
[EventDate "2019.10.10"]
[EventType "swiss"]
[EventCountry "GBR"]
[SourceTitle "playchess.com"]
[Source "ChessBase"]
[SourceQuality "1"]

{[%evp 12,63,27,33,36,18,23,19,22,14,17,16,25,10,27,25,25,27,18,25,23,25,16,9,30,22,27,25,27,15,91,86,376,353,349,377,374,248,419,426,420,395,29985,29986,29986,29987,29987,29988,29988,29989,29993,29994,29994,29995]} 1. e4 e5 2. Nf3 Nf6 3. Nxe5 d6 4. Nf3 Nxe4 5. d4 d5 6. Bd3 Be7 7. O-O Bf5 {C42: Petroff Defence: 3 Nxe5 and unusual White 3rd moves} 8. Nc3 O-O 9. Ne5 Nxc3 {The position is equal.} 10. bxc3 Bxd3 11. cxd3 Nd7 12. Rb1 Rb8 13. Ng4 {[#]} f5 $146 ({Predecessor:} 13... Nf6 14. Ne3 g6 15. g4 c6 16. f4 h5 17. f5 hxg4 18. Nxg4 Nh7 19. Bh6 Re8 20. fxg6 fxg6 21. Qf3 {1-0 (21) Yu,Y (2759)-Wei,Y (2734) Tianjin 2018}) 14. Ne3 c6 15. g3 f4 16. Ng2 fxg3 $1 17. Bf4 gxh2+ 18. Bxh2 Ra8 19. Rxb7 Rf7 20. Qg4 Nf8 (20... Bf8 $11) 21. Rfb1 $36 {[%mdl 2048] Black is under strong pressure.} Qa5 $2 {[%mdl 8192]} (21... Qc8 $16 22. Qxc8 Rxc8) 22. Ne3 $18 h5 23. Qxh5 {[#] Black must now prevent Nf5.} Qxc3 24. Ng4 {Played: Bh2-d6} 1-0

[Event "FIDE Chesscom Grand Swiss 2019"]
[Site "Douglas-Isle of Man"]
[Date "2019.10.15"]
[Round "7.28"]
[White "Jobava, Baadur"]
[Black "Zatonskih, Anna"]
[Result "1-0"]
[WhiteElo "2617"]
[BlackElo "2422"]
[Annotator "TA"]
[PlyCount "67"]
[EventDate "2019.10.10"]
[EventType "swiss"]
[EventCountry "GBR"]
[SourceTitle "playchess.com"]
[Source "ChessBase"]
[SourceQuality "1"]

{[%evp 9,91,-27,-21,-40,-35,-39,-41,-49,-25,-30,-22,-38,-36,-47,-35,-53,-46,-66,0,-58,-58,-65,-59,-60,-60,-66,-29,-48,-23,-51,27,15,23,30,66,66,65,55,69,69,79,68,67,61,83,77,85,81,100,110,103,103,127,90,124,0,103,86,99,0,0,0,0,0,0,0,0,0,143,125,129,137,510,500,483,483,566,548,624,634,622,600,1226,1169]} 1. d4 d5 2. Bf4 e6 3. e3 Nf6 4. Nc3 a6 $146 (4... Bb4 5. Bd3 c5 6. dxc5 Nbd7 7. Nf3 Nxc5 8. O-O Bxc3 9. bxc3 O-O 10. Be2 b6 11. c4 Bb7 12. Qd4 {½-½ (32) Naroditsky,D (2616)-Xiong,J (2672) chess.com INT 2019}) 5. a3 c5 6. h3 {D00: 1 d4 d5: Unusual lines} b5 7. Nf3 Bb7 8. Bd3 {Black is slightly better.} Nbd7 9. O-O Be7 (9... c4 $5 10. Be2 $8 Be7 $11) 10. Re1 O-O 11. Ne5 Rc8 12. Bf1 Nb6 13. Nd3 Nbd7 (13... c4 $15 14. Ne5 Bd6) 14. Ne2 ({Better is} 14. Ne5 $1 $11) 14... c4 $15 15. Ne5 Ne4 16. Nf3 f6 17. Bh2 g5 18. Nd2 Nd6 19. b4 cxb3 (19... Nb6 $15) 20. cxb3 $11 a5 21. Nc1 {[%cal Be2c1,Bc1d3,Bd3b2,Bb2a4,Ba4c5][%mdl 32]} b4 22. axb4 axb4 23. Nd3 Qb6 24. h4 h6 25. Qh5 Rf7 26. Rec1 $36 {[%mdl 2048] Threatens to win with Rxc8+. White has some pressure.} ({But not} 26. Qxh6 Nf5 $17) 26... Rc3 27. Nb2 {Hoping for Na4.} ({Reject} 27. Qxh6 $6 Rh7 $11) 27... Rxc1 28. Rxc1 {[%cal Ba1c1,Bc1c2,Bc2c7,Bc7a7][%mdl 32]} Nf8 29. Na4 Qd8 30. Nc5 Bc8 31. Bd3 Nf5 32. Nf3 (32. hxg5 $16 hxg5 33. Na4) 32... Rg7 (32... Ng7 $1 $11 {remains equal.} 33. Qxh6 Nf5) 33. Rc2 g4 34. Nd2 {Played: Bh2-c7} 1-0

[Event "FIDE Chesscom Grand Swiss 2019"]
[Site "Douglas-Isle of Man"]
[Date "2019.10.15"]
[Round "7.29"]
[White "Dubov, Daniil"]
[Black "Munguntuul, Batkhuyag"]
[Result "1/2-1/2"]
[WhiteElo "2699"]
[BlackElo "2421"]
[Annotator "TA"]
[PlyCount "99"]
[EventDate "2019.10.10"]
[EventType "swiss"]
[EventCountry "GBR"]
[SourceTitle "playchess.com"]
[Source "ChessBase"]
[SourceQuality "1"]

{[%evp 19,99,19,15,12,40,45,27,34,32,18,30,34,33,37,56,51,54,45,45,35,38,14,26,23,30,20,39,20,20,20,20,20,18,16,18,14,20,14,14,14,12,1,14,-24,20,20,31,20,20,20,20,0,20,20,20,0,20,20,20,20,20,27,27,28,35,35,35,35,39,39,39,35,35,35,35,35,35,35,35,0,0,0]} 1. e4 c5 2. Nf3 e6 3. Nc3 Nc6 4. Bb5 Nd4 5. O-O a6 6. Bd3 Ne7 7. Nxd4 cxd4 8. Ne2 Nc6 9. c3 Bc5 10. b4 Ba7 11. cxd4 {B30: Sicilian: 2...Nc6 3 Bb5, lines without ...g6} Nxd4 12. Bb2 Nxe2+ $1 13. Qxe2 {White has an edge.} O-O 14. Kh1 d5 {[#]} 15. f4 $146 ({Predecessor:} 15. e5 Bd7 16. a4 Qe7 17. Ra3 g6 18. Qg4 d4 {½-½ (56) Nikolenko,O (2532)-Aldokhin,I (2375) Moscow 2012}) 15... dxe4 16. Bxe4 Bd4 {[#]} 17. Bxh7+ $1 {[%mdl 576] Decoy} Kxh7 18. Qd3+ Kg8 19. Bxd4 Qd5 20. Qe3 Bd7 21. Rf3 f6 22. Rg3 Bc6 23. Re1 Rad8 24. Bc3 Kf7 25. h3 Rh8 {And now ...Rxh3+! would win.} 26. Kh2 Rd7 27. Re2 Qf5 28. Rf2 Rhd8 29. Qe2 Rd3 30. Re3 R8d7 31. a4 {[%cal Ba2a4,Ba4a5][%mdl 32]} Rd8 32. a5 R8d7 33. Qe1 Rd8 34. Qf1 Bb5 35. Qe1 Bc6 36. Kg1 R8d7 37. Rfe2 {[%cal Re3e6]} Rxe3 38. dxe3 Rd3 39. Bd4 Qe4 40. Kh2 Bb5 41. Bc5 Bc6 42. Qh4 Kg8 43. Rf2 Rd1 44. Qg4 Rd3 45. Bd4 {Black must now prevent Bxf6.} Kf7 46. Qh5+ Qg6 47. Qh8 Rd1 48. Rb2 Qd3 49. Bc5 {[#] Bf8 is the strong threat.} Qf1 50. Qh5+ {Accuracy: White = 64%, Black = 72%.} 1/2-1/2

[Event "FIDE Chesscom Grand Swiss 2019"]
[Site "Douglas-Isle of Man"]
[Date "2019.10.17"]
[Round "7.29"]
[White "Abasov, Nijat"]
[Black "Saric, Ivan"]
[Result "1/2-1/2"]
[WhiteElo "2632"]
[BlackElo "2667"]
[Annotator "TA"]
[PlyCount "66"]
[EventDate "2019.10.10"]
[EventType "swiss"]
[EventCountry "GBR"]
[SourceTitle "playchess.com"]
[Source "ChessBase"]
[SourceQuality "1"]

{[%evp 9,66,12,11,10,19,24,18,9,20,22,30,23,40,19,22,21,36,35,33,35,34,36,33,32,36,21,28,25,25,15,28,19,24,10,39,30,41,0,0,-11,-16,-8,-20,-8,0,0,0,0,0,0,0,0,0,0,0,0,0,0,0]} 1. d4 Nf6 2. Nf3 g6 3. c4 Bg7 4. e3 c5 5. dxc5 Ne4 (5... Na6 6. a3 Nxc5 7. b4 Ne6 8. Bb2 b6 9. Nc3 Bb7 10. Qb3 O-O 11. Rd1 Rc8 12. Be2 Ne4 13. Nd5 Bxb2 14. Qxb2 {0-1 (41) Mamedyarov,S (2765)-Vachier Lagrave,M (2775) Paris 2019}) 6. Be2 {E60: King's Indian: Unusual lines and Fianchetto Variation without Nc3} Nc6 $146 (6... Nxc5 {is more complex.} 7. Nd4 d5 8. Nb3 Nxb3 9. axb3 d4) ({Predecessor:} 6... Qa5+ 7. Nbd2 Nxc5 8. O-O Qb6 9. Nd4 Nc6 10. N2f3 {½-½ (10) Schaedler,J-Tschann,S Germany 1994}) 7. O-O Nxc5 8. Nd4 O-O 9. Nc3 d6 10. b3 Ne6 11. Nxe6 Bxe6 12. Bb2 Qa5 13. Qc1 Rac8 14. Rd1 Ne5 15. Nd5 Bxd5 16. Rxd5 Qc7 17. Rd1 Nd7 18. Bxg7 Kxg7 19. Qb2+ Kg8 20. Bg4 Rfd8 21. e4 Rb8 22. Bxd7 Qxd7 23. e5 Qc7 {The position is equal.} 24. Qa3 dxe5 25. Qxa7 Ra8 26. Rxd8+ Qxd8 27. Qxb7 Rxa2 $1 $11 {[%cal Ra2a1][%mdl 4096] [#] Endgame KQR-KQR} 28. Rf1 $1 Qd4 29. Qxe7 Ra1 {( -> ...Rxf1+)} 30. g3 Rxf1+ 31. Kxf1 Qd3+ {[%mdl 64] [#] Double Attack} 32. Kg1 {aiming for Qe8+.} Qb1+ 33. Kg2 {Qe8+ is the strong threat.} Qe4+ {Accuracy: White = 75%, Black = 67%.} 1/2-1/2

[Event "FIDE Chesscom Grand Swiss 2019"]
[Site "Douglas-Isle of Man"]
[Date "2019.10.17"]
[Round "7.30"]
[White "Abdusattorov, Nodirbek"]
[Black "Eljanov, Pavel"]
[Result "1/2-1/2"]
[WhiteElo "2608"]
[BlackElo "2663"]
[Annotator "TA"]
[PlyCount "111"]
[EventDate "2019.10.10"]
[EventType "swiss"]
[EventCountry "GBR"]
[SourceTitle "playchess.com"]
[Source "ChessBase"]
[SourceQuality "1"]

{[%evp 27,111,25,27,26,27,26,28,26,34,31,30,36,31,37,41,34,49,39,34,0,36,33,64,58,92,79,89,79,84,76,61,43,65,69,59,57,56,61,66,59,64,56,64,22,23,27,37,20,15,4,13,14,23,0,0,0,0,0,8,8,8,8,8,8,8,0,0,0,0,0,0,0,0,0,0,0,0,0,0,0,0,0,0,0,0,0]} 1. e4 e5 2. Nf3 Nc6 3. Bb5 a6 4. Ba4 Nf6 5. O-O Be7 6. Re1 b5 7. Bb3 d6 8. c3 O-O 9. h3 Bb7 10. d4 Re8 11. Nbd2 Bf8 12. a3 h6 13. Bc2 Nb8 14. b3 Nbd7 15. Bb2 {C93: Closed Ruy Lopez: Smyslov Variation} Nb6 (15... c6 16. Bd3 g6 17. Qc2 Nh5 18. Bf1 Nf4 19. b4 Rc8 20. c4 exd4 21. Bxd4 bxc4 22. Nxc4 c5 {1-0 (64) Jakovenko,D (2748)-Oparin,G (2609) Satka 2018}) 16. Bd3 $146 ({Predecessor:} 16. a4 bxa4 17. bxa4 a5 18. Bd3 Bc6 19. Bb5 Bd7 20. Qc2 Qc8 21. Bxd7 Nfxd7 22. Ba3 Qa6 {1-0 (67) Mandviwala,P (2280)-Mostowik,D (2165) ICCF email 2014}) 16... Nfd7 17. Qc2 {White has an edge.} c6 18. c4 bxc4 19. bxc4 exd4 20. Bxd4 c5 21. Bc3 Bc6 22. Ba5 Rb8 23. a4 Rb7 24. Nf1 {[%cal Bd2f1,Bf1e3,Be3d5][%mdl 32]} Ne5 25. Nxe5 Rxe5 26. Reb1 Qb8 27. Ne3 Re8 28. Nd5 {[%cal Rd5b6]} Nd7 29. f4 g6 30. e5 dxe5 {[#]} 31. Bxg6 $1 {[%mdl 512]} Bxd5 ({Not} 31... fxg6 $2 32. Qxg6+ Kh8 33. Rxb7 $18) 32. cxd5 {And now Qf5 would win.} Rxb1+ 33. Rxb1 Qd6 34. Bh7+ Kh8 35. Bc3 Bg7 $1 36. Bf5 exf4 37. Bxd7 Qxd7 38. Rb6 {Threatening mate with Rxh6+.} Bxc3 39. Qxc3+ $11 {[%mdl 4160] [#] Endgame Double Attack. KQR-KQR} Kh7 40. Qxc5 {aiming for Qc2+.} Qxa4 {The position is equal.} 41. Kh2 Qe4 42. Qd6 Qe5 {Hoping for ...Qg5.} 43. Qxh6+ Kg8 {( -> ...f3+)} 44. Qf6 a5 45. Qxe5 Rxe5 {KR-KR} 46. d6 Rd5 47. h4 Rd3 48. Ra6 Kg7 49. Rxa5 Rxd6 50. Rg5+ Rg6 {Strongly threatening ...Rxg5.} 51. Kh3 Rxg5 52. hxg5 {White threatens Kg4 and mate.} f5 $1 53. gxf6+ Kxf6 54. Kg4 Ke5 55. g3 fxg3 56. Kxg3 {Accuracy: White = 75%, Black = 80%.} 1/2-1/2

[Event "FIDE Chesscom Grand Swiss 2019"]
[Site "Douglas-Isle of Man"]
[Date "2019.10.15"]
[Round "7.30"]
[White "Arkell, Keith C"]
[Black "Movsesian, Sergei"]
[Result "1/2-1/2"]
[WhiteElo "2447"]
[BlackElo "2654"]
[Annotator "TA"]
[PlyCount "75"]
[EventDate "2019.10.10"]
[EventType "swiss"]
[EventCountry "GBR"]
[SourceTitle "playchess.com"]
[Source "ChessBase"]
[SourceQuality "1"]

{[%evp 19,75,0,1,0,18,0,0,0,0,0,0,-11,0,0,17,17,30,0,0,0,7,0,0,4,11,6,6,10,16,22,21,0,0,0,0,0,34,7,42,30,50,17,56,10,8,8,8,15,8,15,35,0,0,0,0,0,0,0]} 1. d4 Nf6 2. Nf3 e6 3. c4 d5 4. cxd5 exd5 5. Nc3 Bb4 6. Qa4+ Nc6 7. Bg5 h6 8. Bxf6 Qxf6 9. e3 O-O 10. Be2 Rd8 11. O-O {D38: Queen's Gambit Declined: Ragozin Defence (4 Nf3 Bb4)} a6 (11... Bf8 12. Rac1 Ne7 13. b4 a6 14. Qb3 Qd6 15. a4 Be6 16. b5 a5 17. Ne5 c5 18. bxc6 Nxc6 {1-0 (45) Obregon,C (2514)-Fedoseev,V (2724) chess.com INT 2018}) 12. Rfc1 Be6 13. Qd1 Bd6 14. Na4 Ne7 {[%cal Bc6e7,Be7g6,Bg6f8,Bf8h7,Bh7f6,Bf6g4][%mdl 32]} 15. Nc5 Bc8 16. b4 Ng6 17. a4 Qe7 $146 ({Predecessor:} 17... Rb8 18. b5 a5 19. Qd2 Bf5 20. Nd3 Ra8 21. Nc5 Rab8 22. Nd3 Ra8 23. Nc5 Rab8 {½-½ (23) Karason,A (2253)-Henrichs,T (2492) Reykjavik 2014}) 18. Rab1 Nf8 19. Qc2 Nh7 20. b5 axb5 21. axb5 Nf6 22. Ra1 Rxa1 23. Rxa1 Re8 24. Ra7 b6 25. Nd3 Bf5 26. g3 Ng4 27. Qc1 Qf6 {[#] White must now prevent ...Bxd3.} (27... Rc8 {keeps more tension.} 28. Nf4 Nf6 29. Qc6 Bxf4 30. gxf4 Qe4) 28. Nde5 (28. Qc6 {seems wilder.} Qe7 29. Nfe5 Nxe5 30. dxe5 Bxe5 31. Nxe5 Qxe5 32. Qxc7 Qe6 33. Qc6) 28... Nxe5 29. dxe5 Bxe5 30. Nxe5 Rxe5 31. Rxc7 d4 32. Bc4 Rc5 33. Rxc5 bxc5 {[%cal Bb6c5,Bc5d4,Bd4d3,Bd3d2][%mdl 32]} 34. exd4 cxd4 35. Qf4 {[#] And now b6! would win.} d3 $1 {Black wants to play ...g5.The position is equal.} 36. b6 {b7 is the strong threat.} d2 $1 {[%cal Rd2d1]} 37. Be2 {Hoping for b7.} g5 38. Qxd2 {Accuracy: White = 62%, Black = 52%.} 1/2-1/2